Statistics for Golden State Warriors Leading Scorer (above 10k points)

Click here to take the quiz!

General Stats

  • This quiz has been taken 9 times
  • The average score is 4 of 10

Answer Stats

PointsPlayer% Correct
12,647Klay Thompson
100%
21,712Stephen Curry
100%
17,783Wilt Chamberlain
78%
16,235Chris Mullin
44%
16,447Rick Barry
44%
13,191Nate Thurmond
22%
14,266Paul Arizin
11%
12,547Jeff Mullins
0%
10,023Neil Johnston
0%
11,894Purvis Short
0%

Score Distribution

Percentile by Number Answered

Percent of People with Each Score

Your Score History

You have not taken this quiz